Validación del mucílago del café para la producción de etanol y abono orgánico
Presenta validación de mucílago del café para la producción de etanol y abono orgánico a escala de laboratorio para seleccionar una opción tecnológica de aprovechamiento de residuo.
| Main Authors: | , |
|---|---|
| Other Authors: | |
| Format: | Tesis Section = Libro |
| Language: | Undetermined Spanish |
| Published: |
Estelí
UNI
2012
|
| Subjects: |
| LEADER | 01024nam a2200253Ia 4500 | ||
|---|---|---|---|
| 008 | 240830s9999 xx 000 0 und d | ||
| 040 | |a BIBLIOTECA-RUSB/ Mon 628.746 L864 | ||
| 041 | |a spa | ||
| 082 | |a Mon 628.746 L864 | ||
| 100 | 1 | |a López Castillo, Ana Llancys | |
| 100 | 1 | |b Castillo Aráuz, Bayardo Antonio | |
| 245 | 1 | 0 | |a Validación del mucílago del café para la producción de etanol y abono orgánico |
| 260 | |a Estelí |b UNI |c 2012 | ||
| 300 | |a 57 p. :il. | ||
| 500 | |a Contiene: anexos e Incluye: CD. | ||
| 502 | |a Tesis (Ingeniero Agroindustrial) - UNI, 2012. | ||
| 520 | 3 | |a Presenta validación de mucílago del café para la producción de etanol y abono orgánico a escala de laboratorio para seleccionar una opción tecnológica de aprovechamiento de residuo. | |
| 650 | 7 | |a TECNOLOGIA DE DESECHOS AGRICOLAS | |
| 650 | 7 | |b APROVECHAMIENTO DE RESIDUOS | |
| 650 | 7 | |c RESIDUOS AGRICOLAS | |
| 700 | 1 | |a Tutor: |b Blandón Navarro, Sandra Lorena | |
| 942 | |c BK |2 ddc | ||
| 991 | |a TESIS | ||
| 999 | |c 20519 | ||